Zaynab bint Muḥammad, wa-qiṣaṣ ukhrá /

محفوظ في:

المؤلف الرئيسي: Misry, Abd Assamii (مؤلف)

التنسيق: كتاب

اللغة: Arabic

منشور في: [al-Qāhirah] : Mu'assasat Dār al-Shaʻb, 1975.

الطبعة: al-Ṭabʻah 2.

الموضوعات:

الوسوم: إضافة وسم

لا توجد وسوم, كن أول من يضع وسما على هذه التسجيلة!

رقم الطلب: PJ7846 .I84 Z38 1975

LEADER 01081nam a2200253Ia 4500
003 OSt
005 20231206074542.0
008 130303s1975 ua 000 0 ara d
952 |0 0  |1 0  |2 lcc  |4 0  |6 PJ7846 I84 Z38 01975  |7 1  |9 57279  |a ARCE  |b ARCE  |d 2023-12-06  |l 0  |o PJ7846 .I84 Z38 1975  |p 1020849  |r 2023-12-06 00:00:00  |w 2023-12-06  |y BK 
999 |c 25053  |d 25053 
040 |c ARCE Library 
050 4 |a PJ7846 .I84 Z38 1975 
100 1 |6 880-01  |a Misry, Abd Assamii,  |e author  |9 36062 
245 1 0 |6 880-02  |a Zaynab bint Muḥammad, wa-qiṣaṣ ukhrá /   |c ʻAbd al-Samīʻ al-Miṣrī.  
250 |a al-Ṭabʻah 2. 
264 1 |a [al-Qāhirah] :   |b Mu'assasat Dār al-Shaʻb,   |c 1975. 
300 |a 47 pages ;   |c 20 cm. 
500 |a At head of title: Matḅūʻāt al-shaʻb, thaqāfah wa-ʻulūm insānīyah li-kull al-shaʻb. 
650 0 |a Arabic fiction  |y 20th century. 
650 0 |a Women in Islam. 
880 1 |6 100-01/(3/r  |a مصري، عبد السميع 
880 1 0 |6 245-02/(3/r  |a زينب بنت محمد و قصص آخرى   |c عبد السميع المصري 
901 |a reviewed 
942 |c BK  |2 lcc